[Event "Berlin op 01"]
[Site "Berlin"]
[Date "2006.02.02"]
[Round "7"]
[White "Kuenne, Moritz"]
[Black "Dielitz, Eric"]
[Result "1-0"]
[WhiteElo "830"]
[BlackElo "953"]
[PlyCount "141"]
[EventDate "2006.01.29"]
[EventType "swiss"]
[EventRounds "9"]
[EventCountry "GER"]
[SourceTitle "EXT 2007"]
[Source "ChessBase"]
[SourceDate "2006.11.23"]
[SourceVersion "1"]
[SourceVersionDate "2006.11.23"]
[SourceQuality "1"]

1. e4 c5 2. Bc4 Nc6 3. Nf3 e5 4. Nc3 g6 5. d3 d6 6. 0-0 Be6 7. Bxe6 fxe6 8. Ng5 Nd4 9. Be3 a6 10. Bxd4 exd4 11. Nxe6 Qe7 12. Nxf8 Qxf8 13. Nd5 Qf7 14. f4 Nf6 15. Nxf6+ Qxf6 16. f5 0-0-0 17. Qg4 Rd7 18. fxg6 Qxg6 19. Qxg6 hxg6 20. c3 dxc3 21. bxc3 Rdh7 22. h3 g5 23. Kf2 Kd7 24. d4 Re8 25. Rfe1 Rhe7 26. Kf3 Kc6 27. d5+ Kb5 28. a4+ Kc4 29. Ra3 Rf7+ 30. Kg4 Rf2 31. Kg3 Rc2 32. Re3 Rf8 33. e5 Kxd5 34. e6 Re8 35. e7 Kc6 36. Rb3 b5 37. axb5+ axb5 38. Re1 c4 39. Ra3 Kc5 40. Kf3 b4 41. cxb4+ Kxb4 42. Ra7 c3 43. Rd7 g4+ 44. hxg4 Rd2 45. Rd8 c2 46. Rxe8 Rd3+ 47. Kf4 Rd4+ 48. Kg5 Rd1 49. Rb8+ Kc3 50. Rc8+ Kd2 51. Rxc2+ Kxc2 52. e8Q Rxe1 53. Qxe1 d5 54. Qe2+ Kc3 55. Qf3+ Kc4 56. Qf4+ d4 57. Qc1+ Kd3 58. Qd1+ Ke4 59. Kh4 d3 60. g5 Ke3 61. g6 d2 62. g7 Kd3 63. g8R Ke3 64. Kg3 Ke4 65. Qxd2 Ke5 66. Qb4 Kd5 67. Rg5+ Kc6 68. Qb5+ Kd6 69. Qa6+ Kc7 70. Rg7+ Kb8 71. Qb7# 1-0

[Event "Berlin op 01"]
[Site "Berlin"]
[Date "2006.01.31"]
[Round "4"]
[White "Dielitz, Eric"]
[Black "Pixa, Richard"]
[Result "1-0"]
[WhiteElo "953"]
[BlackElo "1001"]
[PlyCount "107"]
[EventDate "2006.01.29"]
[EventType "swiss"]
[EventRounds "9"]
[EventCountry "GER"]
[SourceTitle "EXT 2007"]
[Source "ChessBase"]
[SourceDate "2006.11.23"]
[SourceVersion "1"]
[SourceVersionDate "2006.11.23"]
[SourceQuality "1"]

1. d4 d5 2. c4 c6 3. Nc3 Nf6 4. Nf3 Bf5 5. Bg5 Nbd7 6. Bxf6 Nxf6 7. cxd5 cxd5 8. e3 e6 9. Bb5+ Nd7 10. Ne5 Bb4 11. Bxd7+ Ke7 12. Ba4 Qc7 13. Qb3 Qa5 14. 0-0 Rhd8 15. a3 Bd6 16. Qxb7+ Qc7 17. Qxc7+ Bxc7 18. Nc6+ Kf8 19. Nxd8 Rxd8 20. Rac1 Rc8 21. Nb5 Bd3 22. Rfd1 Be2 23. Rd2 Bxh2+ 24. Kxh2 Rxc1 25. Rxe2 Ke7 26. Nxa7 Rc7 27. Nb5 Rc6 28. Nc3 Rb6 29. b4 Kd6 30. b5 f6 31. Rc2 e5 32. Ne2 exd4 33. Nxd4 Kd7 34. Rc6 Rb7 35. b6 Kd8 36. Ne6+ Ke7 37. Rc7+ Rxc7 38. Nxc7 Kd8 39. Nxd5 Kc8 40. Bc2 h6 41. a4 Kb7 42. a5 Ka6 43. Bd3+ Kb7 44. a6+ Ka8 45. Nc7+ Kb8 46. a7+ Kb7 47. a8Q+ Kxb6 48. Qb8+ Kc6 49. Ne8 Kd7 50. Bb5+ Ke7 51. Qc7+ Ke6 52. Nxg7+ Kd5 53. Qc6+ Ke5 54. Qe6# 1-0

[Event "Berlin op 01"]
[Site "Berlin"]
[Date "2006.01.30"]
[Round "3"]
[White "Dielitz, Eric"]
[Black "Lerch, Philipp"]
[Result "1-0"]
[WhiteElo "953"]
[BlackElo "815"]
[PlyCount "81"]
[EventDate "2006.01.29"]
[EventType "swiss"]
[EventRounds "9"]
[EventCountry "GER"]
[SourceTitle "EXT 2007"]
[Source "ChessBase"]
[SourceDate "2006.11.23"]
[SourceVersion "1"]
[SourceVersionDate "2006.11.23"]
[SourceQuality "1"]

1. d4 d5 2. c4 e6 3. Nc3 Nf6 4. Bg5 Be7 5. Nf3 Nc6 6. e3 Bd7 7. Ne5 dxc4 8. Bxc4 Nxe5 9. dxe5 Nd5 10. Bxe7 Nxe7 11. 0-0 0-0 12. Qf3 Bc6 13. Qg3 Nf5 14. Qg4 f6 15. Bxe6+ Kh8 16. Bxf5 fxe5 17. Qh5 h6 18. Qg6 Kg8 19. Qh7+ Kf7 20. Bg6+ Ke7 21. Qxg7+ Ke6 22. Qxh6 Rh8 23. Qg7 Qf8 24. Qxf8 Rhxf8 25. Be4 Bxe4 26. Nxe4 b6 27. Rac1 c5 28. f4 exf4 29. exf4 Kd7 30. Rcd1+ Kc7 31. f5 Rae8 32. Nd6 Rd8 33. Nb5+ Kb7 34. Rxd8 Rxd8 35. f6 Rf8 36. f7 a6 37. Nd6+ Kc6 38. Ne8 b5 39. Ng7 Kd6 40. g4 a5 41. g5 1-0

[Event "Berlin op 01"]
[Site "Berlin"]
[Date "2006.01.30"]
[Round "2"]
[White "Galkin, Wladislaw"]
[Black "Dielitz, Eric"]
[Result "1-0"]
[WhiteElo "1099"]
[BlackElo "953"]
[PlyCount "45"]
[EventDate "2006.01.29"]
[EventType "swiss"]
[EventRounds "9"]
[EventCountry "GER"]
[SourceTitle "EXT 2007"]
[Source "ChessBase"]
[SourceDate "2006.11.23"]
[SourceVersion "1"]
[SourceVersionDate "2006.11.23"]
[SourceQuality "1"]

1. e4 c5 2. Nf3 Nc6 3. d4 e6 4. Nc3 Nf6 5. Bg5 Be7 6. e5 Nd5 7. Bxe7 Qxe7 8. Qd2 d6 9. exd6 Qxd6 10. 0-0-0 Nxc3 11. Qxc3 Qf4+ 12. Qe3 Qxe3+ 13. fxe3 cxd4 14. Nxd4 Nxd4 15. Rxd4 0-0 16. Bc4 a6 17. Rhd1 b5 18. Be2 Bb7 19. g3 Bc6 20. Rd6 Rfc8 21. a4 bxa4 22. Bxa6 Rd8 23. Rxd8+ 1-0

[Event "Berlin op 08"]
[Site "Berlin"]
[Date "2005.08.28"]
[Round "5"]
[White "Raddant, Hannes"]
[Black "Dielitz, Eric"]
[Result "0-1"]
[WhiteElo "734"]
[BlackElo "912"]
[PlyCount "50"]
[EventDate "2005.08.27"]
[EventType "swiss"]
[EventRounds "7"]
[EventCountry "GER"]
[SourceTitle "EXT 2007"]
[Source "ChessBase"]
[SourceDate "2006.11.23"]
[SourceVersion "1"]
[SourceVersionDate "2006.11.23"]
[SourceQuality "1"]

1. e4 e5 2. Nf3 Nc6 3. Bc4 Bc5 4. c3 Nf6 5. d4 exd4 6. cxd4 Nxd4 7. Nxd4 d5 8. exd5 Nxd5 9. Bxd5 Qxd5 10. Nc3 Qe5+ 11. Nce2 0-0 12. 0-0 Rd8 13. Be3 Bg4 14. f3 Bf5 15. Qa4 Qxe3+ 16. Rf2 Bxd4 17. Nxd4 Rxd4 18. Qb5 Rad8 19. g3 Bh3 20. Raf1 Bxf1 21. Qxf1 Rd1 22. Kg2 Rxf1 23. Rxf1 Rd2+ 24. Kh1 Qe2 25. Kg1 Qg2# 0-1

[Event "Berlin-ch U10"]
[Site "Berlin"]
[Date "2005.01.26"]
[Round "6"]
[White "Dielitz, Eric"]
[Black "Meir, Lenz"]
[Result "1-0"]
[WhiteElo "909"]
[BlackElo "829"]
[PlyCount "103"]
[EventDate "2005.01.23"]
[EventType "tourn"]
[EventRounds "9"]
[EventCountry "GER"]
[SourceTitle "EXT 2007"]
[Source "ChessBase"]
[SourceDate "2006.11.23"]
[SourceVersion "1"]
[SourceVersionDate "2006.11.23"]
[SourceQuality "1"]

1. d4 d5 2. c4 dxc4 3. e3 Nf6 4. Bxc4 Bg4 5. Nf3 e6 6. Nc3 Nc6 7. e4 Nxd4 8. Qxd4 Bxf3 9. Qxd8+ Rxd8 10. gxf3 Bb4 11. Bd2 0-0 12. 0-0-0 c6 13. a3 Bc5 14. Be3 Bxe3+ 15. fxe3 Rb8 16. e5 b5 17. exf6 bxc4 18. fxg7 Kxg7 19. Rhg1+ Kh8 20. Ne4 f5 21. Nd6 Rbd8 22. Nxc4 Rxd1+ 23. Rxd1 Rg8 24. Na5 c5 25. Nc6 a6 26. Rd6 Rg1+ 27. Kc2 Rg2+ 28. Kd3 Rxh2 29. Ne7 h5 30. Rxe6 h4 31. Nxf5 h3 32. Rh6+ Kg8 33. e4 Rh1 34. e5 h2 35. e6 Rd1+ 36. Kc4 h1Q 37. Rxh1 Rxh1 38. e7 Kf7 39. Kxc5 Rb1 40. b4 Rb3 41. Kd6 Ke8 42. Ng7+ Kf7 43. e8Q+ Kxg7 44. Qe5+ Kh7 45. Qf4 Kg6 46. Qg4+ Kf7 47. Qc4+ Kf8 48. Qxb3 Ke8 49. Qe6+ Kf8 50. Qd7 Kg8 51. Ke6 Kf8 52. Qf7# 1-0

[Event "Berlin-ch U10"]
[Site "Berlin"]
[Date "2005.01.26"]
[Round "5"]
[White "Dielitz, Eric"]
[Black "Wagner, Christian"]
[Result "1-0"]
[WhiteElo "909"]
[BlackElo "800"]
[PlyCount "63"]
[EventDate "2005.01.23"]
[EventType "tourn"]
[EventRounds "9"]
[EventCountry "GER"]
[SourceTitle "EXT 2007"]
[Source "ChessBase"]
[SourceDate "2006.11.23"]
[SourceVersion "1"]
[SourceVersionDate "2006.11.23"]
[SourceQuality "1"]

1. e4 e5 2. Nf3 Nc6 3. d4 f6 4. d5 Nb4 5. a3 Na6 6. Nc3 Bc5 7. Bc4 d6 8. 0-0 Bg4 9. Be3 Bxe3 10. fxe3 Nc5 11. h3 Bh5 12. Bb5+ Nd7 13. Qd3 Ne7 14. Nh4 c6 15. dxc6 bxc6 16. Bc4 Nc5 17. Qd2 Bf7 18. Bxf7+ Kxf7 19. Nf5 Nc8 20. b4 Ne6 21. Rad1 Qb6 22. Rfe1 Rd8 23. Qe2 Nf4 24. Qg4 Ng6 25. Rd2 Kg8 26. Red1 Qc7 27. h4 Nce7 28. Nxd6 Nc8 29. Nf5 c5 30. Rxd8+ Nf8 31. Nh6+ Kh8 32. Rxf8# 1-0

[Event "Berlin-ch U10"]
[Site "Berlin"]
[Date "2005.01.24"]
[Round "3"]
[White "Dielitz, Eric"]
[Black "Davydov, Ruven"]
[Result "0-1"]
[WhiteElo "909"]
[BlackElo "1101"]
[PlyCount "102"]
[EventDate "2005.01.23"]
[EventType "tourn"]
[EventRounds "9"]
[EventCountry "GER"]
[SourceTitle "EXT 2007"]
[Source "ChessBase"]
[SourceDate "2006.11.23"]
[SourceVersion "1"]
[SourceVersionDate "2006.11.23"]
[SourceQuality "1"]

1. d4 d5 2. c4 e6 3. Nc3 Nf6 4. Nf3 Bb4 5. Bg5 h6 6. Bxf6 Qxf6 7. a3 Bxc3+ 8. bxc3 b6 9. e3 Bb7 10. cxd5 exd5 11. g3 0-0 12. Bg2 Nd7 13. 0-0 Qc6 14. Qd3 Qe6 15. Rac1 Qe4 16. Qxe4 dxe4 17. Nd2 f5 18. Bh3 c5 19. dxc5 Nxc5 20. Nc4 Rad8 21. g4 Ba6 22. Rfd1 Bxc4 23. Rxd8 Rxd8 24. gxf5 Rd3 25. Kg2 Na4 26. Kg3 Rxc3 27. Rxc3 Nxc3 28. Kf4 b5 29. Ke5 Nd1 30. Kxe4 Nxf2+ 31. Kd4 Nxh3 32. e4 Kf7 33. e5 Ng5 34. Kc5 a5 35. h4 Ne6+ 36. fxe6+ Kxe6 37. Kb6 a4 38. Kc5 Kxe5 39. Kb4 g5 40. hxg5 hxg5 41. Kc3 Ke4 42. Kd2 Kf3 43. Ke1 g4 44. Kd2 g3 45. Kc3 g2 46. Kb4 g1Q 47. Ka5 Qc5 48. Ka6 b4+ 49. Kb7 Bd5+ 50. Kb8 Qc6 51. Ka7 Qb7# 0-1

[Event "Berlin-ch U10"]
[Site "Berlin"]
[Date "2005.01.23"]
[Round "1"]
[White "Dielitz, Eric"]
[Black "Tong, Lukas Fabian Chuan"]
[Result "1-0"]
[WhiteElo "909"]
[BlackElo "998"]
[PlyCount "49"]
[EventDate "2005.01.23"]
[EventType "tourn"]
[EventRounds "9"]
[EventCountry "GER"]
[SourceTitle "EXT 2007"]
[Source "ChessBase"]
[SourceDate "2006.11.23"]
[SourceVersion "1"]
[SourceVersionDate "2006.11.23"]
[SourceQuality "1"]

1. d4 Nf6 2. c4 g6 3. g3 Bg7 4. Bg2 0-0 5. Nf3 c6 6. Nc3 d5 7. b3 Re8 8. Bg5 Bg4 9. 0-0 dxc4 10. bxc4 Qa5 11. Qb3 b6 12. Ne5 Bd7 13. d5 Nxd5 14. cxd5 Bxe5 15. Rfc1 cxd5 16. Bxd5 Be6 17. Bxe6 Bxc3 18. Bxf7+ Kg7 19. Rxc3 Rd8 20. Bxe7 Rd7 21. Bb4 Qe5 22. Rcc1 Qf5 23. Be6 Qg5 24. Bc3+ Kh6 25. Bxd7 1-0